Quizzes
Events
Quiz Creation
Community
Videos
Private Events
Remove Ads
Sign In
Join for FREE
Feedback
Dark Mode
Quiz Categories
Sports
Geography
Music
Movies
Television
Just For Fun
Miscellaneous
History
Literature
Language
Science
Gaming
Entertainment
Religion
Holiday
For Kids
Quiz Lab
Recent
Popular Today
Quiz Kudos Today
Editor Picks
Curator Picks
Quizzes by...
Day
Popularity
Type
Ratings
Length
Year
Community
Subscriptions
Recent Discussions
Orange Saloon
Badges
Playlists
Quests
Create
Leaderboards
Showdown
Live 5
Trivia Bingo
Activity
Puzzle Library
Sporcle Events
Private Events
Virtual Trivia
Globe League
Become a Host
Pub Owners
SporcleCon
Opinionation
Our Games
Videos
Blog
Mobile Apps
Partnerships
Remove Ads and Go Orange
Feedback
Television
TV Characters
TV Show
Sitcom
Network
Friends
Reality Shows
Cast
South Park
Star Trek
The Simpsons
Doctor Who
Television
TV Characters
TV Show
Sitcom
Network
Friends
Reality Shows
Cast
South Park
Star Trek
The Simpsons
Doctor Who
Random Quiz
Search Sporcle
×
Quiz Lab
Quiz Lab
Television
Animation
Type in answers that appear in a list
Type in answers that appear in a list
Classic
Best Score? Go Orange.
South Park Episodes (Seasons 1-15) Stats
Can you name the episodes of Comedy Central's South Park?
By
MorganStehr
20m
223 Questions
5,779 Plays
5,779 Plays
5,779 Plays
Comments
Comments
Give Quiz Kudos
Give Quiz Kudos
-
- Ratings
hide this ad
Replay
Link that replays current quiz
Next Quiz
Link to next quiz in quiz playlist
You Got
0%
They Got
Avg Score
52%
Avg Friend Score
Upgrade to see
Score Distribution
Jump to the score distribution portion of the page
Score
0/223
Timer
20:00
0
Plays Today
% Correct
Cartman Gets an Anal Probe
90.7%
Imaginationland Part 1
78.1%
Death
77.7%
Cartman's Mom is a Dirty ****
77.3%
Kenny Dies
77%
Imaginationland Part 2
76.5%
Imaginationland Part 3
75.8%
Butters' Very Own Episode
75.7%
Cartman's Mom is Still a Dirty ****
75%
Timmy 2000
73.8%
Volcano
72.3%
The Coon
72%
Mr. Hankey, the Christmas Poo
70.9%
Scott Tenorman Must Die
70.8%
Big Gay Al's Big Gay Boat Ride
69.9%
Weight Gain 4000
69.8%
Terrance and Phillip in 'Not Without My Anus'
68.9%
Starvin' Marvin
67.6%
Damien
66.4%
Cartoon Wars Part 1
66.3%
Go God Go
66.3%
Mecha-Streisand
66.1%
Cartoon Wars Part 2
65.8%
Pinkeye
65.3%
The Return of Chef
65.3%
Towelie
65.2%
Jewbilee
65%
An Elephant Makes Love to a Pig
65%
Pip
64.5%
Make Love, Not Warcraft
63.6%
Good Times With Weapons
63.5%
Rainforest Schmainforest
63.3%
Mr. Garrison's Fancy New Vagina
63.2%
The Simpsons Already Did It
63%
Two Guys Naked in a Hot Tub
62.9%
Cat Orgy
62.9%
Cartmanland
62.8%
Probably
62.7%
Professor Chaos
62.5%
Chef Aid
62.2%
Do the Handicapped Go to Hell?
61.9%
Go God Go Part XII
61.9%
Cartman's Silly Hate Crime 2000
61.9%
Woodland Critter Christmas
61.6%
Cripple Fight!
61.6%
Tweek Vs. Craig
61.5%
Super Best Friends
61.2%
Cancelled
60.8%
AWESOM-O
60.6%
It's Christmas in Canada
60.4%
Starvin' Marvin in Space
60.2%
Trapped in the Closet
60.1%
Red Sleigh Down
59.7%
4th Grade
59.6%
Pandemic
59.5%
The Tooth Fairy's Tats 2000
59.5%
Casa Bonita
59.5%
Asspen
59.4%
Quintuplets 2000
59.2%
Chickenlover
58.9%
Pee
58.8%
Jared Has Aides
58.8%
The List
58.7%
Pandemic 2: The Startling
58.7%
Ike's Wee-Wee
58%
Krazy Kripples
57.7%
Chinpoko Mon
57.7%
Stanley's Cup
57.4%
Mr. Hankey's Christmas Classics
57%
Raisins
56.7%
Guitar Queer-o
56.7%
Gnomes
56.6%
Tom's Rhinoplasty
56.3%
The Succubus
56.2%
ManBearPig
56.1%
% Correct
Spooky Fish
56%
South Park is Gay
55.9%
Chef Goes Nanners
55.7%
A Ladder to Heaven
55.7%
It Hits the Fan
55.6%
The Passion of the Jew
55.6%
Summer Sucks
55.5%
Something You Can Do With Your Finger
55.4%
Stupid Spoiled **** Video Playset
55.4%
Bebe's Boobs Destroy Society
55.4%
Merry Christmas, Charlie Manson!
55.2%
Cartman Joins NAMBLA
55.1%
The Death of Eric Cartman
55.1%
Eek, a Penis!
55%
Osama bin Laden Has Farty Pants
54.9%
Here Comes the Neighborhood
54.7%
Cow Days
54.7%
Chef's Salty Chocolate Balls
54.6%
The Ring
54.6%
Flashbacks (City on the Edge of Forever)
54.5%
A Million Little Fibers
54.4%
Terrance and Phillip: Behind the Blow
54.3%
200
54.1%
Jakovasaurs
53.2%
201
53%
The Biggest Douche in the Universe
52.8%
The Return of the Fellowship of the Ring to the Two Towers
52.4%
Sexual Harassment Panda
52.3%
Hell on Earth 2006
52.1%
Are You There, God? It's Me, Jesus.
52%
Best Friends Forever
52%
Red Hot Catholic Love
51.7%
Goobacks from the Future
51.6%
The Wacky Molestation Adventure
51.6%
Major Boobage
51.4%
The Death Camp of Tolerance
51.3%
Worldwide Recorder Concert
51.1%
Clubhouses
51%
Prehistoric Ice Man
50.9%
The Losing Edge
50.9%
The Jeffersons
50.9%
Free Willzyx
50.9%
All About Mormons?
50.9%
D-Yikes
50.9%
Smug Alert
50.8%
The Red Badge of Gayness
50.8%
With Apologies to Jesse Jackson
50.5%
Bloody Mary
50.5%
Tsst
50.3%
Grey Dawn
50.1%
I'm a Little Bit Country
50%
Cartman Sucks
50%
Trapper Keeper
50%
The Mexican Staring Frog of Southern Sri Lanka
50%
A Very Crappy Christmas
49.9%
Child Abduction is Not Funny
49.9%
Two Days Before the Day After Tomorrow
49.8%
W.T.F.
49.7%
Canada On Strike
49.7%
Chicken Pox
49.4%
How to Eat With Your Butt
49.3%
Elementary School Musical
49.3%
Whale ****
49.3%
Korn's Groovy Pirate Ghost Mystery
49.1%
The Entity
49.1%
Freak Strike
49%
Roger **** Should Lay Off the Fatty Foods
48.8%
Super Fun Time
48.8%
Wing
48.5%
Mysterion Rises
48.5%
Douche and Turd
48.3%
Miss Teacher Bangs a Boy
48.3%
Conjoined Fetus Lady
48.3%
Spontaneous Combustion
48.2%
Helen Keller, the Musical
48.2%
% Correct
Free Hat
48.1%
Lice Capades
48%
About Last Night...
48%
Up the Down Steroid
47.9%
Ginger Kids
47.9%
Fun With Veal
47.9%
Britney's New Look
47.8%
The Ungroundable
47.8%
Fishsticks
47.8%
The Snuke
47.7%
Breast Cancer Show Ever
47.7%
Butt Out
47.6%
Butters' Bottom Bitch
47.6%
The New Terrance and Phillip Movie Trailer
47.6%
Cherokee Hair Tampons
47.4%
Fat Camp
47.4%
The Poor Kid
47.3%
Christian Rock Hard
47.2%
1%
47%
My Future Self N' Me
46.9%
Follow That Egg!
46.8%
Fat Butt and Pancake Head
46.7%
Marjorine
46.5%
Proper Condom Use
46.1%
Night of the Living Homeless
45.8%
More Crap
45.7%
Tonsil Trouble
45.6%
Cartman's Incredible Gift
45.6%
Margaritaville
45.6%
Preschool
45.5%
You Got F'd in the A
45.5%
Lil' Crime Stoppers
45.3%
Die Hippie, Die
45.3%
The F Word
45.1%
Over Logging
44.7%
Fantastic Easter Special
44.7%
The Mystery of the Urinal Deuce
44.6%
Erection Day
44.4%
Quest for Ratings
44.4%
Hooked on Monkey Phonics
43.9%
Coon 2: Hindsight
43.8%
Red Man's Greed
43.8%
Something Wall-Mart This Way Comes
43.6%
Toilet Paper
43.4%
Coon vs. Coon & Friends
43.4%
Fatbeard
43.3%
The China Probrem
43.2%
Dances With Smurfs
42.7%
Le Petit Tourette
42.3%
Dead Celebrities
41.6%
You're Getting Old
41.5%
Pinewood Derby
40.7%
HUMANCENTiPAD
40.5%
Eat, Pray, Queef
39.5%
A History Channel Thanksgiving
39.1%
Ass Burgers
38.3%
Crippled Summer
36.5%
Medicinal Fried Chicken
36.2%
You Have 0 Friends
35.8%
Crème Fraìîche
35.5%
Poor and Stupid
34.4%
Funnybot
34%
Royal Pudding
33.7%
Sexual Healing
33.7%
It's a Jersey Thing
33.3%
T.M.I.
33.1%
Insheeption
32.7%
City Sushi
32.6%
The Tale of Scrotie McBoogerballs
31.6%
Crack Baby Athletic Association
29.9%
Broadway Bro Down
29.3%
Bass to Mouth
27.2%
The Last of the Meheecans
27.1%
Quiz Playlist
Details
Report
Send in Message
Add To Playlist
Classic:
Type in answers that appear in a list
Quiz Source
Last Updated: Aug 13, 2017
Quiz Scoreboard
CHALLENGE
Sign Up to Join the Scoreboard
Show All
Scores
Hide
Comments
May contain spoilers
Recently Published
Decade Duel: World Leaders
by jenniferyan
History
4m
Alphabetical 'K' Countries by Flag Minefield
by ylime102
Geography
3m
Pick 6: Fruits
by JohnFran
Miscellaneous
15s
More to Explore
Quiz From the Vault
Featured Blog Post
15 Basketball Trivia Facts You Can Be March Mad About
hide this ad
You Might Also Like...
Tags
Animation Quiz
South Park Quiz
central
Comedy
Comedy Central
episode
park
south
Today's Top Quizzes in Television
Browse Television
hide this ad
Today's Top Quizzes in Animation
Browse Animation
Top Contributed Quizzes in Television
1
Hidden Simpsons Character
2
First Name TV: Leading Men
3
Hidden Simpsons Character XXIV
4
First Name TV: Leading Women Drama
5
Hidden Simpsons Character II
6
Hidden Simpsons Character III
7
Pick A Pair: Religious TV
8
Hidden Simpsons Character XXV
9
Hidden Simpsons Character XXVI
10
The Vampire Diaries Logic Puzzle
Explore More
Trending Topics
Marvel
Disney
Anime
Crossword
NBA
Harry Potter
Kpop
Country
Song
The Office
Pokémon
Puzzle
WWE
NFL
Soccer
hide this ad
More By:
MorganStehr
Quiz
Plays
Rating
Category
Featured
Created
Coldplay Songs
69,983
4.32
Music
Oct 7, 2009
South Park Episodes (Seasons 1-15)
5,779
4.43
Television
Sep 26, 2009
Super Mario 64 Courses
3,788
4.45
Gaming
Oct 12, 2009
John Mayer Songs
3,777
3.80
Music
Oct 11, 2009
South Park: Bigger, Longer & Uncut Songs
3,308
4.28
Entertainment
Oct 12, 2009
Go to Creator's Profile
Score Distribution
Quiz Creator Spotlight
MorganStehr
Follow
Send a Message
Quizzes Created
-
Created Quiz Play Count
-
More By This Creator
Popular Quizzes Today
1
Countries of Asia Without Outlines Minefield
2
Find the US States - No Outlines Minefield
3
Pick 6: Fruits
4
Alphabetical 'K' Countries by Flag Minefield
5
The Countries of the World
6
Find the Countries of Europe - No Outlines Minefield
7
Find the US States
8
US States
More Television Quizzes
TV Show by 'And ...' Credit
Published
Trending Quizzes
Pick 6: Mountains
Pick 6: Harry Potter
Pick 6: Flags
Pick 6: NFL Teams
Pick 6: Movie Franchises
Recently Updated
Adaptations: Name the Title
pecheneg
NWSL Teams
pecheneg
Women's Final Four Teams by Year
bhenderson79
Presidents Quartet II
eogle
Anything But Clue(do)
eogle
Anything But Oceanian Capitals
eogle
Anything But 7
eogle
Anything But Thing
eogle
Word Ladder: February 29
pecheneg
Song Title Questions
pecheneg
Trending Topics
Disney
Crossword
NBA
Marvel
Kpop
Anime
Harry Potter
Country
Pokémon
Puzzle
The Office
Song
NFL
Soccer
WWE
Your Account Isn't Verified!
In order to create a playlist on Sporcle, you need to verify the email address you used during registration. Go to your
Sporcle Settings
to finish the process.
Report this User
Report this user for behavior that violates our
Community Guidelines
.
Details:
Send Report
Go to the Sporcle.com Mobile Site →
Comments